000 00746nam a2200241 a 4500
001 42355
003 BD-RjUL
005 20211209053529.0
008 160612s1955 enk b 001 0 eng d
035 _a(BD-RjUL)42473
040 _aNUN
_beng
_cNUN
_dNNCU:A
_dANL
_dBD-RjUL
041 _aeng
082 0 4 _a941.07
_223
_bMAE 1955
100 1 _aMaccoby, S.
_9130277
245 1 0 _aEnglish radicalism 1786-1832 :
_bfrom Paine to Cobbett /
_cS. Maccoby.
260 _aLondon :
_bAllen & Unwin,
_c1955.
300 _a559 p. ;
_c22 cm.
500 _aIncludes index.
504 _aBibliography: p. 531- 545.
650 0 _aRadicalism
_zGreat Britain.
_9127018
651 _aGreat Britain
_vPolitics and government
_y18th century.
_9130278
942 _2ddc
_cBK
999 _c42355
_d42355